| 000 | 00844nas a2200277 4500 | ||
|---|---|---|---|
| 001 | BR0205128 | ||
| 003 | BR-BrBNA | ||
| 005 | 20231205103316.0 | ||
| 007 | ta | ||
| 008 | 230509b bl.|||p| |||| 00| 00por d | ||
| 040 |
_aBR-BrBNA _bpor _cBiblioteca Nacional de Agricultura |
||
| 041 | _a(En) | ||
| 072 | _aL01; L40 | ||
| 100 | 1 | _aSouza, D.C. | |
| 100 | 1 | _aCruz, C.D. | |
| 100 | 1 | _aCampos, L.A. de O. | |
| 100 | 1 | _aRegazzi, A.J. | |
| 245 | 1 | _aCorrelation between honey production and some morphological traits in africanized honey bees (Apis melifera) | |
| 650 | _aABELHA AFRICANA | ||
| 650 | _aMORFOLOGIA ANIMAL | ||
| 650 | _aMEL | ||
| 650 | _aPRODUÇÃO | ||
| 773 | 0 |
_tCiência Rural (Brazil) _xISSN 0103-8478 _g(Sep-Oct 2002), v. 32(5) p. 869-872 _wBR0205128 |
|
| 909 |
_a202311 _bLúcia _c55 _dLúcia Elande |
||
| 942 |
_2AGRIS _n0 _cANA |
||
| 999 |
_c172194 _d172194 |
||